[Event "HUN-chT2 Toth 1819"]
[Site "Hungary"]
[Date "2018.10.28"]
[Round "3.7"]
[White "Tornyai, Jeno"]
[Black "Balla, Tibor"]
[Result "1/2-1/2"]
[WhiteElo "1876"]
[BlackElo "2047"]
[PlyCount "120"]
[EventDate "2018.09.23"]
[EventType "team-tourn"]
[EventRounds "11"]
[EventCountry "HUN"]
[SourceTitle "EXT 2021"]
[Source "ChessBase"]
[SourceDate "2020.10.23"]
[SourceVersion "1"]
[SourceVersionDate "2020.10.23"]
[SourceQuality "1"]
[WhiteTeam "Szeged Maroczy III"]
[BlackTeam "Szeged Meritum"]
[WhiteTeamCountry "HUN"]
[BlackTeamCountry "HUN"]

1. d4 Nf6 2. Nc3 g6 3. e4 d6 4. f3 Bg7 5. Be3 0-0 6. Qd2 c6 7. Bh6 b5 8. Bd3 a5 9. Bxg7 Kxg7 10. Nge2 e5 11. a3 Bb7 12. dxe5 dxe5 13. Qe3 Nbd7 14. 0-0 Qb6 15. Qxb6 Nxb6 16. Nd1 Rfd8 17. Ne3 Nfd7 18. b4 Nf8 19. Rfd1 Ne6 20. g3 Na4 21. Ra2 Nd4 22. Kf2 Nxe2 23. Bxe2 Rd4 24. Rxd4 exd4 25. Nd1 Nb6 26. bxa5 Rxa5 27. c3 dxc3 28. Nxc3 Bc8 29. Ke3 Be6 30. Ra1 b4 31. Nb1 b3 32. Nc3 b2 33. Rb1 Rxa3 34. Kd2 Bc4 35. Rxb2 Rb3 36. Rxb3 Bxb3 37. Ke3 c5 38. e5 Nd5+ 39. Kd3 Nb4+ 40. Ke3 Nd5+ 41. Kd2 Nc7 42. Ne4 Ne6 43. f4 Bd5 44. Nd6 Kf8 45. Bc4 Bxc4 46. Nxc4 Ke7 47. Kc3 f5 48. Nb6 g5 49. Kc4 h6 50. Nd5+ Kd7 51. fxg5 Nxg5 52. Kxc5 Nf3 53. Nf4 Nxe5 54. Kd5 Nf3 55. h3 Ke7 56. h4 Kf7 57. Kd6 Kf6 58. Nd5+ Kf7 59. h5 Nd4 60. Ke5 Ne2 1/2-1/2

[Event "HUN-chT2 Toth 1617"]
[Site "Hungary"]
[Date "2017.03.12"]
[Round "10.3"]
[White "Lovas, Daniel"]
[Black "Balla, Tibor"]
[Result "1/2-1/2"]
[WhiteElo "2134"]
[BlackElo "2048"]
[PlyCount "77"]
[EventDate "2016.09.25"]
[EventType "team-tourn"]
[EventRounds "11"]
[EventCountry "HUN"]
[SourceTitle "EXT 2021"]
[Source "ChessBase"]
[SourceDate "2020.10.23"]
[SourceVersion "1"]
[SourceVersionDate "2020.10.23"]
[SourceQuality "1"]
[WhiteTeam "Kecskemet Toth Laszlo II"]
[BlackTeam "Szeged Meritum"]
[WhiteTeamCountry "HUN"]
[BlackTeamCountry "HUN"]

1. c4 Nf6 2. g3 c6 3. Bg2 e5 4. d3 Bb4+ 5. Bd2 Bxd2+ 6. Nxd2 0-0 7. Ngf3 Re8 8. 0-0 d5 9. e4 d4 10. b4 a5 11. a3 Bg4 12. h3 Bd7 13. c5 axb4 14. axb4 Na6 15. Qb3 h6 16. Nc4 Qc7 17. Nd6 Re7 18. b5 cxb5 19. Rfc1 b4 20. Nf5 Ree8 21. Nd6 Re7 22. Nd2 Rf8 23. Bf1 Bc6 24. Nf5 Re6 25. Nc4 Nd7 26. Qb1 Ndxc5 27. Na5 Bb5 28. Nb3 b6 29. Nbxd4 exd4 30. Nxd4 Bxd3 31. Nxe6 fxe6 32. Bxd3 Qf7 33. Rf1 Nxd3 34. Qxd3 Nc5 35. Qe3 b3 36. Rab1 Qb7 37. Rfe1 Rd8 38. Rxb3 Nxb3 39. Qxb3 1/2-1/2

[Event "Bader Memorial op"]
[Site "Heves"]
[Date "2009.03.28"]
[Round "5"]
[White "Balla, Tibor"]
[Black "Mozes, Ervin"]
[Result "0-1"]
[WhiteElo "2103"]
[BlackElo "2284"]
[PlyCount "88"]
[EventDate "2009.03.26"]
[EventType "swiss"]
[EventRounds "7"]
[EventCountry "HUN"]
[SourceTitle "EXT 2011"]
[Source "ChessBase"]
[SourceDate "2010.11.26"]
[SourceVersion "1"]
[SourceVersionDate "2010.11.26"]
[SourceQuality "1"]

1. d4 f5 2. Nf3 d6 3. Nc3 d5 4. Bf4 Nf6 5. e3 e6 6. a3 Be7 7. Be2 0-0 8. 0-0 a6 9. Rc1 Nbd7 10. Na4 Ne8 11. h3 Kh8 12. b4 b6 13. Nb2 c5 14. dxc5 bxc5 15. Nd3 c4 16. Nde5 Nxe5 17. Bxe5 Bd7 18. c3 Nf6 19. Qd4 Qe8 20. Bxf6 Bxf6 21. Qd2 Rd8 22. Nh2 g5 23. f4 Rg8 24. fxg5 Bxg5 25. Nf3 Bf6 26. Kh1 Qg6 27. Bd1 e5 28. Qf2 Qh6 29. Be2 Qg7 30. Rg1 Rdf8 31. Rcf1 e4 32. Nd4 Be5 33. Bd1 Bg3 34. Qe2 Rf6 35. Qd2 Be5 36. Ne2 Be8 37. Qe1 Rg6 38. Qf2 Bd7 39. Nd4 Rh6 40. Ne2 f4 41. Nxf4 Bxf4 42. Qxf4 Bxh3 43. gxh3 Rxh3+ 44. Qh2 Rxh2+ 0-1

[Event "Bader Memorial op"]
[Site "Heves"]
[Date "2009.03.27"]
[Round "2"]
[White "Hever, Janos"]
[Black "Balla, Tibor"]
[Result "1/2-1/2"]
[WhiteElo "1841"]
[BlackElo "2103"]
[PlyCount "54"]
[EventDate "2009.03.26"]
[EventType "swiss"]
[EventRounds "7"]
[EventCountry "HUN"]
[SourceTitle "EXT 2011"]
[Source "ChessBase"]
[SourceDate "2010.11.26"]
[SourceVersion "1"]
[SourceVersionDate "2010.11.26"]
[SourceQuality "1"]

1. d4 Nf6 2. Bf4 g6 3. Nd2 Bg7 4. e3 0-0 5. h3 d6 6. Ngf3 c5 7. c3 Nc6 8. Bc4 a6 9. Bb3 b5 10. 0-0 Bf5 11. Bc2 Bxc2 12. Qxc2 Rc8 13. dxc5 dxc5 14. Rad1 Qb6 15. Qb1 c4 16. Nd4 Rfe8 17. Nxc6 Qxc6 18. Nf3 Qc5 19. Rd2 b4 20. Be5 bxc3 21. Bxc3 Nd5 22. Bxg7 Kxg7 23. Qe4 Nf6 24. Qc2 c3 25. Rd3 cxb2 26. Qxb2 Kg8 27. Rfd1 Qc2 1/2-1/2

[Event "HUN-chT2 Toth 0506"]
[Site "Hungary"]
[Date "2005.11.27"]
[Round "4"]
[White "Kovacs, Adrian"]
[Black "Balla, Tibor"]
[Result "1-0"]
[WhiteElo "2233"]
[BlackElo "2212"]
[PlyCount "65"]
[EventDate "2005.10.16"]
[EventType "team"]
[EventRounds "11"]
[EventCountry "HUN"]
[SourceTitle "EXT 2009"]
[Source "ChessBase"]
[SourceDate "2008.11.26"]
[SourceVersion "1"]
[SourceVersionDate "2008.11.26"]
[SourceQuality "1"]
[WhiteTeam "Takisz"]
[BlackTeam "Battonya"]
[WhiteTeamCountry "HUN"]
[BlackTeamCountry "HUN"]

1. c4 Nf6 2. Nf3 d6 3. g3 g6 4. Bg2 Bg7 5. Nc3 c6 6. 0-0 0-0 7. Rb1 a5 8. a3 Na6 9. b4 Bf5 10. d3 axb4 11. axb4 Nd7 12. Qc2 Rc8 13. h3 Nf6 14. b5 Nc5 15. e4 Bd7 16. Be3 Ne6 17. bxc6 bxc6 18. Nh4 Nh5 19. Ne2 c5 20. g4 Nf6 21. f4 Rb8 22. Qd2 Bc6 23. f5 Nc7 24. Bh6 Nd7 25. fxg6 hxg6 26. Rxb8 Nxb8 27. Bxg7 Kxg7 28. Nf5+ gxf5 29. Qg5+ Kh8 30. gxf5 Ne6 31. Qh6+ Kg8 32. Rf3 f6 33. fxe6 1-0

[Event "Eger Agria op"]
[Site "Eger"]
[Date "2005.07.31"]
[Round "8"]
[White "Balla, Tibor"]
[Black "Ionita, Anduena"]
[Result "0-1"]
[WhiteElo "2212"]
[BlackElo "2031"]
[PlyCount "91"]
[EventDate "2005.07.18"]
[EventType "swiss"]
[EventRounds "9"]
[EventCountry "HUN"]
[SourceTitle "EXT 2008"]
[Source "ChessBase"]
[SourceDate "2007.11.25"]
[SourceVersion "1"]
[SourceVersionDate "2007.11.25"]
[SourceQuality "1"]

1. Nf3 d5 2. d4 Nf6 3. c4 dxc4 4. Qa4+ Nbd7 5. Nc3 e6 6. e4 Be7 7. Qxc4 0-0 8. e5 Nb6 9. Qb3 Nfd5 10. Be3 a5 11. a3 Bd7 12. Ne4 Bc6 13. Qc2 f5 14. exf6 Nxf6 15. Bd3 Nxe4 16. Bxe4 Bxe4 17. Qxe4 Qd5 18. Qxd5 exd5 19. Ne5 Bd6 20. f4 Rae8 21. Kd2 Re7 22. b3 Nd7 23. Rhc1 Nf6 24. Kd3 Ne4 25. Rc2 Ra8 26. a4 c6 27. g4 Rf8 28. Rg1 Bc7 29. h4 Bd6 30. h5 Rf6 31. g5 Rf5 32. Rg4 Bc7 33. Rcg2 Bb8 34. Nf3 Nd6 35. Nh4 Rf8 36. Nf3 Rf5 37. Ne5 Ne4 38. Rh4 Nd6 39. Rgh2 Bc7 40. R2h3 Ne4 41. Rh2 Nd6 42. R4h3 Ne4 43. Rh1 Nd6 44. R1h2 Ne4 45. Rh4 Nd6 46. R4h3 0-1

[Event "Eger Agria op"]
[Site "Eger"]
[Date "2005.07.30"]
[Round "7"]
[White "Kusina, Jan"]
[Black "Balla, Tibor"]
[Result "1-0"]
[WhiteElo "2090"]
[BlackElo "2212"]
[PlyCount "79"]
[EventDate "2005.07.18"]
[EventType "swiss"]
[EventRounds "9"]
[EventCountry "HUN"]
[SourceTitle "EXT 2008"]
[Source "ChessBase"]
[SourceDate "2007.11.25"]
[SourceVersion "1"]
[SourceVersionDate "2007.11.25"]
[SourceQuality "1"]

1. d4 d6 2. e4 g6 3. c4 Bg7 4. Nc3 Nd7 5. Be3 e5 6. d5 a5 7. Bd3 b6 8. Nge2 Ne7 9. Bg5 Nc5 10. Bc2 0-0 11. f3 Ba6 12. b3 Qd7 13. a3 f6 14. Be3 Qd8 15. b4 axb4 16. axb4 Nd7 17. Bd3 f5 18. 0-0 f4 19. Bf2 g5 20. Nc1 Nf6 21. c5 Bxd3 22. Rxa8 Qxa8 23. Nxd3 bxc5 24. bxc5 Rb8 25. Qa4 Qxa4 26. Nxa4 Rb3 27. Rd1 Kf7 28. Kf1 g4 29. Ke2 Bh6 30. Be1 gxf3+ 31. gxf3 Ne8 32. c6 Bg5 33. Ra1 Ng6 34. Nab2 Bh4 35. Bb4 Be7 36. Rf1 Nh4 37. Rf2 Nf6 38. Kd1 Nxf3 39. Rxf3 Nxe4 40. Kc2 1-0

[Event "Eger Agria op"]
[Site "Eger"]
[Date "2005.07.25"]
[Round "2"]
[White "Balla, Tibor"]
[Black "Pataki, Gyozo"]
[Result "0-1"]
[WhiteElo "2212"]
[BlackElo "2346"]
[PlyCount "66"]
[EventDate "2005.07.18"]
[EventType "swiss"]
[EventRounds "9"]
[EventCountry "HUN"]
[SourceTitle "EXT 2008"]
[Source "ChessBase"]
[SourceDate "2007.11.25"]
[SourceVersion "1"]
[SourceVersionDate "2007.11.25"]
[SourceQuality "1"]

1. Nf3 d5 2. d4 Nf6 3. c4 c6 4. e3 Bg4 5. Be2 e6 6. Nbd2 Nbd7 7. 0-0 Be7 8. b3 0-0 9. Bb2 h6 10. Ne1 Bf5 11. Bd3 Ne4 12. Nxe4 dxe4 13. Bc2 Bd6 14. f4 exf3 15. Nxf3 Nf6 16. Qe2 Ne4 17. Bxe4 Bxe4 18. g3 c5 19. Nd2 Bc6 20. Qg4 f5 21. Qe2 Qg5 22. Nf3 Qg4 23. dxc5 Bxc5 24. Rae1 Qe4 25. a3 a5 26. Rf2 Rad8 27. Bd4 Bxa3 28. Rd1 Bb4 29. h3 Bd6 30. Kh2 f4 31. gxf4 Bxf4+ 32. exf4 Qxe2 33. Rxe2 Bxf3 0-1